Southville International School and Colleges
Your cart is empty.
  • Cart
  • Lists
    Public lists Eva Luna New books Lux_list list_1
    Your lists Log in to create your own lists
  • Log in to your account
  • Your cookies
  • Search history
Southville International School and Colleges
  • Advanced search
  • Recent comments
  • Most popular
  • Libraries

Log in to your account

Log in with GOOGLE


If you do not have an external account, but do have a local account, you can still log in:

  1. Home
  2. MARC view: Online grading system for seed academy /
Normal view MARC view ISBD view

Online grading system for seed academy / (Record no. 285061)

[ view plain ]
MARC details
000 -LEADER
fixed length control field 00563nam a2200157Ia 4500
008 - FIXED-LENGTH DATA ELEMENTS--GENERAL INFORMATION
fixed length control field 150609s9999 xx 000 0 und d
050 ## - LIBRARY OF CONGRESS CALL NUMBER
Classification number T 58.6
Item number .H557 2015
100 ## - MAIN ENTRY--PERSONAL NAME
Personal name Hernandez, Divide Grace A.
245 ## - TITLE STATEMENT
Title Online grading system for seed academy /
Statement of responsibility, etc Divine Grace A. Hernandez.
260 ## - PUBLICATION, DISTRIBUTION, ETC. (IMPRINT)
Place of publication, distribution, etc Las Piñas, Philippines :
Name of publisher, distributor, etc SISC,
Date of publication, distribution, etc 2015.
300 ## - PHYSICAL DESCRIPTION
Extent 177 pages :
Other physical details illustrations ;
Dimensions 28 cm.
500 ## - GENERAL NOTE
General note Includes bibliographical references and appendices.
650 ## - SUBJECT ADDED ENTRY--TOPICAL TERM
Topical term or geographic name as entry element Computer System
650 ## - SUBJECT ADDED ENTRY--TOPICAL TERM
Topical term or geographic name as entry element Management Information System
650 ## - SUBJECT ADDED ENTRY--TOPICAL TERM
General subdivision Educational Aspect
Holdings
Withdrawn status Lost status Damaged status Home library Current library Shelving location Date acquired Total Checkouts Full call number Barcode Date last seen Price effective from Koha item type
      College Library College Library   06/09/2015   T 58.6 .H557 2015 T0793 05/15/2018 06/09/2015 Theses

Online grading system for seed academy /

APA

Hernandez D. G. A., . (2015). Online grading system for seed academy. Las Piñas, Philippines: SISC.

Chicago

Hernandez Divide Grace A, . 2015. Online grading system for seed academy. Las Piñas, Philippines: SISC.

Harvard

Hernandez D. G. A., . (2015). Online grading system for seed academy. Las Piñas, Philippines: SISC.

MLA

Hernandez Divide Grace A, . Online grading system for seed academy. Las Piñas, Philippines: SISC. 2015.

  • Print
  • Cite
  • Add to your cart (remove)
  • Save record
    BIBTEX Dublin Core MARCXML MARC (non-Unicode/MARC-8) MARC (Unicode/UTF-8) MARC (Unicode/UTF-8, Standard) MODS (XML) RIS
  • More searches
    Search for this title in:
    Other Libraries (WorldCat) Other Databases (Google Scholar) Online Stores (Bookfinder.com) Open Library (openlibrary.org)

Exporting to Dublin Core...

SOUTHVILLE LIBRARY

Southville International School and Colleges Library

1281 Tropical Ave. Cor. Luxembourg St., BF Homes International, Las Pinas City

Tel. No. 8256374 / 252358 Loc. 117/146

Powered by Koha